[Event "Berlin Eckbauer op 21st"]
[Site "Berlin"]
[Date "2018.11.19"]
[Round "6"]
[White "Weber, Manfred"]
[Black "Wehr, Joachim"]
[Result "1-0"]
[WhiteElo "1709"]
[BlackElo "1611"]
[PlyCount "73"]
[EventDate "2018.10.08"]
[EventType "swiss"]
[EventRounds "7"]
[EventCountry "GER"]
[SourceTitle "CBM 189 Extra"]
[Source "ChessBase"]
[SourceDate "2019.05.31"]
[SourceVersion "1"]
[SourceVersionDate "2019.05.31"]
[SourceQuality "1"]

1. d4 Nf6 2. Bf4 e6 3. e3 b6 4. Bd3 Bb7 5. Nf3 h6 6. Nbd2 Nh5 7. 0-0 Nxf4 8. exf4 g6 9. c4 Bg7 10. Qe2 0-0 11. Ne5 Qf6 12. Qe3 d6 13. Nef3 Nd7 14. b4 Rfe8 15. Rac1 e5 16. fxe5 dxe5 17. d5 Qe7 18. Rfe1 f5 19. a3 a5 20. Rb1 axb4 21. axb4 Qf7 22. Bc2 Ra2 23. Bb3 Ra3 24. Nd4 Kh7 25. Nb5 f4 26. Qe2 Rxb3 27. Rxb3 Nb8 28. Ne4 Ba6 29. Nbc3 Qd7 30. b5 Bc8 31. Ra1 Qe7 32. Ra8 Nd7 33. Ra7 Qd8 34. Rb1 Nf6 35. Nxf6+ Bxf6 36. Rd1 Bf5 37. d6 1-0

[Event "Berlin Eckbauer op 17th"]
[Site "Berlin"]
[Date "2014.10.27"]
[Round "3"]
[White "Wehr, Joachim"]
[Black "Geist, Wolfgang"]
[Result "1-0"]
[WhiteElo "1491"]
[BlackElo "1533"]
[PlyCount "75"]
[EventDate "2014.10.06"]
[EventType "swiss"]
[EventRounds "7"]
[EventCountry "GER"]
[SourceTitle "EXT 2022"]
[Source "ChessBase"]
[SourceDate "2021.10.06"]
[SourceVersion "1"]
[SourceVersionDate "2021.10.06"]
[SourceQuality "1"]

1. d3 Nc6 2. e4 e5 3. Nf3 Nf6 4. c3 Be7 5. Be2 0-0 6. a3 d6 7. h3 h6 8. 0-0 Be6 9. Re1 a6 10. Nbd2 b5 11. Qc2 Qc8 12. Kh2 Nh7 13. Nf1 Nd8 14. Ng3 Nf6 15. d4 exd4 16. cxd4 Bd7 17. Be3 Ne8 18. Bd3 Ne6 19. Rac1 Ng5 20. Ng1 c6 21. f4 Ne6 22. Qb3 Nd8 23. Qc2 Bh4 24. Bf2 Nc7 25. Nf3 Be7 26. f5 Bg5 27. Nxg5 hxg5 28. b4 f6 29. Be2 Nf7 30. Bf3 Nd8 31. Qa2+ Kh8 32. Qe2 Be8 33. Bh5 Bxh5 34. Qxh5+ Kg8 35. h4 gxh4 36. Ne2 Rf7 37. Nf4 Ne8 38. Ng6 1-0

[Event "Berlin-ch Seniors op 25th"]
[Site "Berlin"]
[Date "2009.02.16"]
[Round "5"]
[White "Berg, Gerd"]
[Black "Wehr, Joachim"]
[Result "1/2-1/2"]
[WhiteElo "1679"]
[BlackElo "1528"]
[PlyCount "111"]
[EventDate "2009.02.12"]
[EventType "swiss"]
[EventRounds "9"]
[EventCountry "GER"]
[SourceTitle "EXT 2022"]
[Source "ChessBase"]
[SourceDate "2021.10.06"]
[SourceVersion "1"]
[SourceVersionDate "2021.10.06"]
[SourceQuality "1"]

1. c4 Nf6 2. Nc3 d6 3. d4 Nbd7 4. Qc2 c6 5. e3 Qc7 6. Nf3 e5 7. Bd3 a6 8. 0-0 Be7 9. b3 0-0 10. Bb2 h6 11. Rac1 b6 12. Nh4 Re8 13. Nf5 Bf8 14. Ne4 Nxe4 15. Bxe4 Nf6 16. dxe5 dxe5 17. Rfd1 g6 18. Ng3 Nxe4 19. Qxe4 f5 20. Qc2 Be6 21. Ne2 Rad8 22. Qc3 Bg7 23. Qe1 Re7 24. Rxd8+ Qxd8 25. Rd1 Rd7 26. Nc3 b5 27. Rxd7 Qxd7 28. cxb5 cxb5 29. h3 Kf7 30. Qd1 Qxd1+ 31. Nxd1 Bd5 32. f4 Ke6 33. fxe5 Bxe5 34. Bxe5 Kxe5 35. Kf2 g5 36. Nc3 Bc6 37. a3 h5 38. b4 h4 39. g3 hxg3+ 40. Kxg3 f4+ 41. exf4+ gxf4+ 42. Kf2 Bd7 43. h4 Bg4 44. Ne2 Ke4 45. Nc3+ Ke5 46. Ne2 Bh5 47. Nc1 Kd4 48. Ne2+ Ke4 49. Nc3+ Kd4 50. Ne2+ Ke5 51. Nc3 Bg4 52. Ne2 Ke4 53. Nc3+ Kd4 54. Ne2+ Ke5 55. Nc3 Bh5 56. Ne2 1/2-1/2

[Event "Berlin-ch Seniors op 25th"]
[Site "Berlin"]
[Date "2009.02.13"]
[Round "2"]
[White "Wehr, Joachim"]
[Black "Scholz, Werner"]
[Result "1/2-1/2"]
[WhiteElo "1528"]
[BlackElo "1772"]
[PlyCount "71"]
[EventDate "2009.02.12"]
[EventType "swiss"]
[EventRounds "9"]
[EventCountry "GER"]
[SourceTitle "EXT 2022"]
[Source "ChessBase"]
[SourceDate "2021.10.06"]
[SourceVersion "1"]
[SourceVersionDate "2021.10.06"]
[SourceQuality "1"]

1. d3 d5 2. Nf3 Nf6 3. Nbd2 g6 4. e4 Bg4 5. Be2 Bg7 6. 0-0 0-0 7. h3 Bxf3 8. Bxf3 e6 9. c3 Nbd7 10. Qc2 Ne5 11. Be2 dxe4 12. dxe4 c6 13. Nc4 Qc7 14. Be3 Nxc4 15. Bxc4 Qe5 16. Bd3 c5 17. f4 Qc7 18. Be2 b6 19. Rad1 Rfd8 20. b3 Rxd1 21. Rxd1 Rd8 22. Rxd8+ Qxd8 23. Bc1 Qa8 24. Bf3 Qc8 25. Qd3 Qd7 26. Qxd7 Nxd7 27. e5 f6 28. exf6 Nxf6 29. c4 Ne8 30. Kf2 Nd6 31. g4 Bd4+ 32. Be3 Kf7 33. Bxd4 cxd4 34. Ke2 Kf6 35. h4 e5 36. Kd3 1/2-1/2

[Event "Berlin-ch Seniors op 23rd"]
[Site "Berlin"]
[Date "2007.02.05"]
[Round "1"]
[White "Wehr, Joachim"]
[Black "Keusch, Horst"]
[Result "0-1"]
[WhiteElo "1585"]
[BlackElo "1909"]
[PlyCount "54"]
[EventDate "2007.02.05"]
[EventType "swiss"]
[EventRounds "9"]
[EventCountry "GER"]
[SourceTitle "EXT 2022"]
[Source "ChessBase"]
[SourceDate "2021.10.06"]
[SourceVersion "1"]
[SourceVersionDate "2021.10.06"]
[SourceQuality "1"]

1. Nf3 g6 2. d4 Bg7 3. c4 Nf6 4. Nc3 0-0 5. e4 d6 6. Be2 Nbd7 7. 0-0 e5 8. d5 Nc5 9. Qc2 a5 10. Be3 b6 11. Rad1 Ng4 12. Bxc5 bxc5 13. h3 Nh6 14. Rde1 f5 15. exf5 gxf5 16. Kh2 Kh8 17. Ng1 Qh4 18. g3 Qf6 19. Bf3 Bd7 20. Bg2 Nf7 21. f3 Bh6 22. a4 Rg8 23. Qf2 Rxg3 24. Ne4 fxe4 25. fxe4 Qxf2 26. Rxf2 Rg7 27. Ne2 Rag8 0-1

[Event "Brandenburg-ch Seniors 22nd"]
[Site "Berlin"]
[Date "2006.02.24"]
[Round "5"]
[White "Wehr, Joachim"]
[Black "Scharkowski, Albrecht"]
[Result "1/2-1/2"]
[WhiteElo "1608"]
[BlackElo "1615"]
[PlyCount "94"]
[EventDate "2006.02.20"]
[EventType "swiss"]
[EventRounds "9"]
[EventCountry "GER"]
[SourceTitle "EXT 2007"]
[Source "ChessBase"]
[SourceDate "2006.11.23"]
[SourceVersion "1"]
[SourceVersionDate "2006.11.23"]
[SourceQuality "1"]

1. Nf3 d5 2. g3 Nf6 3. Bg2 Bf5 4. d3 a6 5. h4 e6 6. Nbd2 Bc5 7. e3 c6 8. a3 a5 9. b3 Nbd7 10. Bb2 Qc7 11. Qe2 0-0 12. c4 Rfe8 13. Bxf6 Nxf6 14. d4 Be7 15. Ne5 Nd7 16. f4 f6 17. Nxd7 Qxd7 18. g4 Bg6 19. 0-0 Rab8 20. Rfc1 Bf8 21. Qf2 Rbd8 22. c5 e5 23. f5 Bf7 24. b4 axb4 25. axb4 exd4 26. exd4 Ra8 27. Kf1 Qe7 28. Kg1 b6 29. Bf3 bxc5 30. bxc5 Qe3 31. Bd1 Qxf2+ 32. Kxf2 g6 33. Bc2 Rxa1 34. Rxa1 gxf5 35. Bxf5 Be6 36. Bxe6+ Rxe6 37. Ra6 Bh6 38. Nf1 Bf8 39. h5 Be7 40. Ra7 Bd8 41. Ra6 Bc7 42. Kf3 Bh2 43. Ng3 Bg1 44. Rb6 Kf8 45. Kg2 Be3 46. Kf3 Bg1 47. Kg2 Be3 1/2-1/2

[Event "Brandenburg-ch Seniors 22nd"]
[Site "Berlin"]
[Date "2006.02.21"]
[Round "2"]
[White "Berg, Gerd"]
[Black "Wehr, Joachim"]
[Result "0-1"]
[WhiteElo "1413"]
[BlackElo "1608"]
[PlyCount "112"]
[EventDate "2006.02.20"]
[EventType "swiss"]
[EventRounds "9"]
[EventCountry "GER"]
[SourceTitle "EXT 2007"]
[Source "ChessBase"]
[SourceDate "2006.11.23"]
[SourceVersion "1"]
[SourceVersionDate "2006.11.23"]
[SourceQuality "1"]

1. c4 d6 2. d4 Nd7 3. Nc3 c6 4. e4 e5 5. Nf3 Be7 6. Be3 Ngf6 7. h3 0-0 8. Bd3 Qc7 9. Qc2 h6 10. 0-0 a6 11. Rac1 Re8 12. a3 b6 13. b4 Bb7 14. Qb2 c5 15. d5 Reb8 16. Nd2 g5 17. Ne2 Bd8 18. Ng3 Nf8 19. Be2 Ng6 20. Rc3 Be7 21. Nf5 Bc8 22. g4 Nf4 23. Bxf4 gxf4 24. Kh2 Bxf5 25. gxf5 Kh7 26. Rg1 Bf8 27. Rc2 Qe7 28. Bf3 Bg7 29. Rcc1 Nd7 30. Rg2 cxb4 31. axb4 a5 32. Rcg1 Bf6 33. Bh5 axb4 34. Qxb4 Bg5 35. Nf3 Bf6 36. Qc3 Nc5 37. Nd2 Bg5 38. Qf3 Bf6 39. Rg4 Rg8 40. Qg2 Rxg4 41. Qxg4 Qf8 42. f3 Ra2 43. Rg2 Rc2 44. Kh1 Nd3 45. Kg1 Nb2 46. Kf1 Nd1 47. Bg6+ Kh8 48. Qh5 Ne3+ 49. Ke2 Nxg2 50. Kd3 Ra2 51. Bxf7 Ra3+ 52. Ke2 Qg7 53. Be6 Ra8 54. Nf1 Nh4 55. Kd3 Ra3+ 56. Ke2 Qg2+ 0-1

[Event "Berlin op 10"]
[Site "Berlin"]
[Date "2003.10.20"]
[Round "2"]
[White "Keshvari, Behrang"]
[Black "Wehr, Joachim"]
[Result "1-0"]
[WhiteElo "1172"]
[BlackElo "1633"]
[PlyCount "78"]
[EventDate "2003.10.13"]
[EventType "swiss"]
[EventRounds "7"]
[EventCountry "GER"]
[SourceTitle "EXT 2007"]
[Source "ChessBase"]
[SourceDate "2006.11.23"]
[SourceVersion "1"]
[SourceVersionDate "2006.11.23"]
[SourceQuality "1"]

1. e4 d6 2. d4 g6 3. Bc4 Bg7 4. Nf3 Nf6 5. Nc3 c6 6. Be3 0-0 7. Qd2 b5 8. Bb3 a5 9. a3 Ng4 10. Bg5 Qc7 11. h3 Nf6 12. Bh6 e5 13. Bxg7 Kxg7 14. 0-0 Bb7 15. dxe5 dxe5 16. Qg5 Nbd7 17. Rfe1 Rad8 18. Rad1 Rfe8 19. Nh2 Nc5 20. Ng4 Nxg4 21. Qxg4 Bc8 22. Qf3 Be6 23. Ne2 Bxb3 24. cxb3 Ne6 25. Qc3 c5 26. Rd5 f6 27. b4 axb4 28. axb4 Rxd5 29. exd5 cxb4 30. Qxb4 Qc5 31. Qb3 Nf8 32. Rc1 Qb6 33. Rc6 Qb7 34. Nc3 Rb8 35. Qb4 Nd7 36. Qe7+ Kh6 37. Ne4 Rf8 38. g4 Qa7 39. Rxf6 Qa1+ 1-0

[Event "Berlin Eckbauer op 5th"]
[Site "Berlin"]
[Date "2002.10.07"]
[Round "1"]
[White "Giese, Reinhard"]
[Black "Wehr, Joachim"]
[Result "1-0"]
[WhiteElo "2198"]
[BlackElo "1678"]
[PlyCount "27"]
[EventDate "2002.10.??"]
[EventType "swiss"]
[EventRounds "7"]
[EventCountry "GER"]
[SourceTitle "EXT 2005"]
[Source "ChessBase"]
[SourceDate "2004.11.15"]
[SourceVersion "1"]
[SourceVersionDate "2004.11.15"]
[SourceQuality "1"]

1. d4 d5 2. c4 dxc4 3. Nf3 c6 4. a4 f6 5. e3 b5 6. b3 cxb3 7. axb5 Be6 8. Nc3 cxb5 9. Bxb5+ Nd7 10. Ra6 Kf7 11. Rxe6 Kxe6 12. Qxb3+ Kf5 13. Bd3+ Kg4 14. Qe6+ 1-0

[Event "Berlin op 10"]
[Site "Berlin"]
[Date "2000.11.13"]
[Round "5"]
[White "Wehr, Joachim"]
[Black "Korell, Klaus Peter"]
[Result "0-1"]
[WhiteElo "1620"]
[BlackElo "1908"]
[PlyCount "100"]
[EventDate "2000.10.16"]
[EventType "swiss"]
[EventRounds "7"]
[EventCountry "GER"]
[SourceTitle "EXT 2007"]
[Source "ChessBase"]
[SourceDate "2006.11.23"]
[SourceVersion "1"]
[SourceVersionDate "2006.11.23"]
[SourceQuality "1"]

1. d3 d5 2. Nd2 c5 3. e4 e6 4. Ngf3 Nc6 5. c3 Bd6 6. g3 Nge7 7. Bg2 0-0 8. 0-0 b6 9. Re1 Qc7 10. Qc2 Ba6 11. a3 Rac8 12. b3 Ng6 13. Bb2 Nge5 14. Nxe5 Nxe5 15. c4 d4 16. h3 Bb7 17. Rf1 f6 18. Rae1 g5 19. Bc1 Ng6 20. Qd1 Bc6 21. Nf3 h6 22. Qe2 Rce8 23. Kh1 Rf7 24. Ng1 Rh7 25. Qh5 Qg7 26. f4 Rf8 27. Bd2 Be8 28. Qe2 Bb8 29. Qf2 Ne7 30. Ne2 Kh8 31. Kh2 Qg6 32. Rg1 Rg7 33. Ref1 Rgf7 34. Bh1 h5 35. h4 g4 36. f5 exf5 37. exf5 Qh7 38. Be4 Bd7 39. b4 Re8 40. bxc5 bxc5 41. Rg2 Nc8 42. Bf4 Nd6 43. Bxd6 Bxd6 44. Qe1 Qh6 45. Rf4 Qf8 46. Qa5 Bc8 47. Rf1 Bb7 48. Nf4 Bxf4 49. Rxf4 Qd6 50. Qxa7 Ra8 0-1

[Event "Berlin op 10"]
[Site "Berlin"]
[Date "2000.11.06"]
[Round "4"]
[White "Figura, Aleksandar"]
[Black "Wehr, Joachim"]
[Result "0-1"]
[WhiteElo "1494"]
[BlackElo "1620"]
[PlyCount "64"]
[EventDate "2000.10.16"]
[EventType "swiss"]
[EventRounds "7"]
[EventCountry "GER"]
[SourceTitle "EXT 2007"]
[Source "ChessBase"]
[SourceDate "2006.11.23"]
[SourceVersion "1"]
[SourceVersionDate "2006.11.23"]
[SourceQuality "1"]

1. d4 c6 2. c4 d6 3. Nc3 Nd7 4. Nf3 Qc7 5. e4 e5 6. Be2 Ngf6 7. 0-0 Be7 8. Bg5 h6 9. Be3 0-0 10. h3 Kh7 11. Nh4 g6 12. Nf3 Ng8 13. Bd3 Qd8 14. Qd2 Qc7 15. Ne2 Ndf6 16. Ng3 Kg7 17. Nh2 Nxe4 18. Nxe4 f5 19. Nc3 f4 20. Bxf4 Rxf4 21. Ne2 Rf8 22. Nf3 Bxh3 23. gxh3 Rxf3 24. Ng3 Bg5 25. Qc2 Qf7 26. Be2 Rf4 27. Ne4 Qf5 28. Bd3 Qxh3 29. Ng3 Bh4 30. Rae1 Bxg3 31. fxg3 Qxg3+ 32. Qg2 Qxd3 0-1

[Event "Berlin op 10"]
[Site "Berlin"]
[Date "2000.10.30"]
[Round "3"]
[White "Wehr, Joachim"]
[Black "Koeckeritz, Dieter"]
[Result "1-0"]
[WhiteElo "1620"]
[BlackElo "1558"]
[PlyCount "114"]
[EventDate "2000.10.16"]
[EventType "swiss"]
[EventRounds "7"]
[EventCountry "GER"]
[SourceTitle "EXT 2007"]
[Source "ChessBase"]
[SourceDate "2006.11.23"]
[SourceVersion "1"]
[SourceVersionDate "2006.11.23"]
[SourceQuality "1"]

1. d3 d5 2. Nd2 g6 3. e4 Nc6 4. c3 Nf6 5. Qc2 Bg7 6. Ngf3 Bg4 7. Be2 0-0 8. 0-0 e5 9. h3 Be6 10. a3 Re8 11. b4 a6 12. Bb2 Qe7 13. Rac1 Nh5 14. Rfe1 Rad8 15. c4 dxc4 16. dxc4 Nf4 17. Bf1 Nd4 18. Nxd4 exd4 19. Qd1 Qd7 20. Kh2 Be5 21. Nf3 Qd6 22. g3 Nh5 23. Nxe5 Qxe5 24. Qd2 c5 25. Bg2 b6 26. f4 Qc7 27. Qd3 Bc8 28. Rcd1 Bb7 29. Re2 Rd7 30. Rde1 Rde7 31. Bf3 Ng7 32. bxc5 bxc5 33. Bc1 Ne6 34. e5 Bxf3 35. Qxf3 Ng7 36. g4 Qd7 37. Qd3 h5 38. Kg3 Kh7 39. Bd2 Rh8 40. Rb1 Kg8 41. Qf3 Ne6 42. Rb8+ Re8 43. Rxe8+ Qxe8 44. f5 hxg4 45. hxg4 gxf5 46. gxf5 Ng7 47. Qg4 Kf8 48. Kf3 Qa4 49. Rg2 Qd1+ 50. Ke4 Qb1+ 51. Kd5 Nxf5 52. Kxc5 Ke8 53. Bb4 Qf1 54. Qe4 Ne3 55. Qa8+ Ke7 56. Kxd4+ Ke6 57. Qd5+ Kf5 1-0